KFZ-Kennzeichen Niedersachsen ALLE - Statistiken

Allgemein
  • Dieses Quiz wurde 945 mal gespielt
  • Das Durchschnittsergebnis liegt bei 40 aus 58
Antwortstatistiken
Abkürzung Stadt oder Landkreis % Korrekt
CUX Cuxhaven
98%
H Hannover
98%
EMD Emden
97%
CE Celle
96%
Göttingen
95%
BS Braunschweig
94%
OL Oldenburg
94%
WOB Wolfsburg
94%
OS Osnabrück
93%
AUR Aurich
92%
CLP Cloppenburg
92%
VEC Vechta
91%
LER Leer (Ostfriesland)
89%
DEL Delmenhorst
88%
HI Hildesheim
88%
STD Stade
86%
PE Peine
85%
UE Uelzen
85%
FRI Landkreis Friesland
83%
WHV Wilhelmshaven
82%
VER Verden (Aller)
80%
GF Gifhorn
79%
SZ Salzgitter
79%
LG Lüneburg
74%
GS Goslar
73%
NI Nienburg/Weser
73%
WTM Wittmund
71%
HM Hameln
70%
EL Emsland
67%
NOR Norden
67%
DH Diepholz
66%
ROW Rotenburg (Wümme)
64%
HK Heidekreis
63%
OHZ Osterholz-Scharmbeck
63%
NOH Nordhorn
62%
WF Wolfenbüttel
62%
MEL Melle
59%
BRA Brake
58%
DUD Duderstadt
58%
BRV Bremervörde
57%
SY Syke
57%
HE Helmstedt
56%
DAN Dannenberg (Elbe)
54%
WST Westerstede
54%
EIN Einbeck
53%
ALF Alfeld (Leine)
52%
HOL Holzminden
51%
NOM Northeim
51%
HMÜ Hann. Münden
50%
RI Rinteln
50%
SHG Stadthagen
45%
CLZ Clausthal-Zellerfeld
43%
WL Winsen (Luhe)
43%
BRL Braunlage
41%
BSB Bersenbrück
37%
OHA Osterode am Harz
36%
GAN Gandersheim
31%
WTL Wittlage
24%
Keine übereinstimmenden Quizze gefunden
Verteilung der Resultate
Anzahl Personen mit jedem Resultat
Perzentil nach korrekt beantworteten Fragen
Ihre Resultats-Entwicklung
Sie haben dieses Quiz noch nicht gespielt